Impact of infrastructure in inter-state variations in economic development in India (Record no. 15118)

MARC details
000 -LEADER
fixed length control field 00467nam a2200157Ia 4500
082 ## - DEWEY DECIMAL CLASSIFICATION NUMBER
Classification number TS.0863
100 ## - MAIN ENTRY--AUTHOR NAME
Personal name Sharma, Savita
245 #0 - TITLE STATEMENT
Title Impact of infrastructure in inter-state variations in economic development in India
260 ## - PUBLICATION, DISTRIBUTION, ETC. (IMPRINT)
Year of publication 1996
Name of publisher Kurukshetra Universiy
300 ## - PHYSICAL DESCRIPTION
Number of Pages 167p.
650 ## - SUBJECT ADDED ENTRY--TOPICAL TERM
Topical Term INFRASTRUCTURE (ECONOMICS) - INDIA
650 ## - SUBJECT ADDED ENTRY--TOPICAL TERM
Topical Term INDIA - ECONOMIC CONDITIONS
650 ## - SUBJECT ADDED ENTRY--TOPICAL TERM
Topical Term ECONOMIC DEVELOPMENT - INDIA
710 ## - ADDED ENTRY--CORPORATE NAME
Corporate name or jurisdiction name as entry element Jain, T.L.
942 ## - ADDED ENTRY ELEMENTS (KOHA)
Koha item type Thesis
Source of classification or shelving scheme Dewey Decimal Classification
Holdings
Withdrawn status Lost status Damaged status Not for loan Home library Current library Date acquired Bill Date Full call number Accession Number Price effective from Koha item type
        NASSDOC Library NASSDOC Library 08/10/2004 2004-10-05 TS.0863 36838 18/04/2019 Thesis